header

How far is America from here? (Record no. 102582)

MARC details
000 -LEADER
fixed length control field 01647nam a2200361Ia 4500
245 00 - TITLE STATEMENT
Title How far is America from here?
260 ## - PUBLICATION, DISTRIBUTION, ETC. (IMPRINT)
Place of publication Amsterdam ;
-- New York, NY :
Name of publisher Rodopi,
Year of publication 2005.
300 ## - PHYSICAL DESCRIPTION
Number of Pages 636 p.
490 1# - SERIES STATEMENT
Series statement Textext ;
500 ## - GENERAL NOTE
General note Congress held in Leiden, the Netherlands.
650 #0 - SUBJECT ADDED ENTRY--TOPICAL TERM
Topical Term Comparative literature
700 1# - ADDED ENTRY--PERSONAL NAME
Personal name Haen, Theo d'.
856 40 - ELECTRONIC LOCATION AND ACCESS
Uniform Resource Identifier http://site.ebrary.com/lib/rucke/Doc?id=10380554

No items available.

© 2026 Rongo University
Contact us: librarian | system librarian | Rongo university